MARC

LEADER 00000nam0a2200000 4500
001 255520
005 20231101233031.0
010 |a 5217006668 
035 |a (RuTPU)RU\TPU\book\278036 
090 |a 255520 
100 |a 20140329d1988 m y0rusy50 ca 
101 0 |a rus 
102 |a RU 
105 |a a j 001zy 
200 1 |a Автоматизированные системы для контроля и управления контактной и дуговой сваркой на основе микроЭВМ  |e учебное пособие  |f Н. В. Подола, П. М. Руденко  |g Центральное правление Всесоюзного научно-технического общества машиностроителей 
210 |a Москва  |c Машиностроение  |d 1988 
215 |a 60 с.  |c ил. 
225 1 |a Университет технического прогресса в машиностроении 
320 |a Библиогр.: с. 59. 
606 1 |a Электродуговая сварка  |2 stltpush  |3 (RuTPU)RU\TPU\subj\66887  |9 82882 
610 1 |a автоматизированные системы 
610 1 |a контроль 
610 1 |a управление 
610 1 |a контактная сварка 
610 1 |a дуговая сварка 
610 1 |a микроЭВМ 
610 1 |a учебные пособия 
610 1 |a математическое описание 
610 1 |a алгоритмы управления 
675 |a 621.791.75(07)  |v 3 
700 1 |a Подола  |b Н. В.  |g Николай Васильевич 
701 1 |a Руденко  |b П. М.  |g Петр Михайлович 
712 0 2 |a Центральное правление Всесоюзного научно-технического общества машиностроителей  |2 stltpush  |3 (RuTPU)RU\TPU\col\17914  |9 26848 
801 1 |a RU  |b 63413507  |c 20140329 
801 2 |a RU  |b 63413507  |c 20190120  |g RCR 
942 |c BK